000 00924naa a22002537u 4500
001 16405
003 HDC
007 cr bn ---aaaaa
008 210221t xx 000 0 eng
040 _aHDC
100 _aAbu Bakar Abdul Majeed,
_cProf. Dr.
_eauthor
_916241
245 0 _aAHLI FARMASI : MENJAGA KESIHATAN UMMAH /
_cby Prof. Dr. Abu Bakar Abdul Majeed
260 _a[No place] :
_b[publisher not identified],
_c[no year]
300 _a2 pages : illustrations
336 _atext
_2rdacontent
337 _acomputer
_2rdamedia
338 _aonline resource
_2rdacarrier
650 _aIslam
_xCustoms and practices
_9127
650 _aMedicine
_xReligious aspects
_xIslam
_91483
856 _zRequest full-text at [email protected]
942 _2lcc
942 _cEIS
942 _kEMAG 000511
999 _c13721
_d13721